000 01052nas a2200313 4500
001 BR2021000428
003 BR-BrBNA
005 20231205132158.0
007 ta
008 230509b bl.|||p| |||| 00| 00por d
040 _aBR-BrBNA
_bpor
_cBiblioteca Nacional de Agricultura
041 _a(Pt)
072 _aF04
100 1 _aSantos, C.C.
100 1 _aBernardes, R. da S.
100 1 _aGoelzer, A.
100 1 _aGeist, M.L.
100 1 _aVieira, M. do C.
100 1 _aZárate, N.A.H.
245 1 _aBokashi em mudas de Campomanesia adamantium (Cambess.)O. Berg: aspectos morfométricos e fotoquímicos
650 _aBIOFERTILIZANTE
650 _aPLANTA MEDICINAL
650 _aMYRTACEAE
773 0 _tNativa. Pesquisas Agrárias e Ambientais (Brazil)
_xISSN 2318-7670
_g(May-Jun 2019), v. 7(3) p. 239-243
_wBR2021000428
856 4 0 _uhttps://periodicoscientificos.ufmt.br/ojs/index.php/nativa/article/view/6772/5572
856 4 0 _dLink DSPACE/MAPA BR2021000428
909 _a202311
_bLúcia
_c55
_dLúcia Elande
942 _2AGRIS
_n0
_cANA
999 _c258921
_d258921